بروتوكولات حكماء صهيون : (Record no. 27423)
[ view plain ]
| 000 -الفاتح | |
|---|---|
| حقل البيانات ثابتة الطول | 01042nam a22002655a 4500 |
| 003 - محدد رقم الضبط | |
| رقم الضبط | EG-ScBUE |
| 005 - وقت وتاريخ اخر تعامل مع التسجيلة | |
| رقم الضبط | 20190504105437.0 |
| 008 - عناصر البيانات ثابتة الطول - معلومات عامة | |
| حقل البيانات ثابتة الطول | 190504s2013 ua gr 000 0 ara d |
| 017 ## - رقم الإيداع القانونى | |
| رقم الإيداع القانونى | 20113 / 18192 |
| 020 ## - الرقم الدولى المعيارى للكتب | |
| الرقم الدولى المعيارى للكتاب | 9789777400190 |
| 040 ## - مصدر الفهرسة | |
| وكالة الفهرسة الأصلية | EG-ScBUE |
| لغة الفهرسة | ara |
| وكالة النسخ | EG-ScBUE |
| وكالة التعديل | EG-ScBUE |
| 082 04 - رقم تصنيف ديوى العشرى | |
| رقم التصنيف | 320.54095694 |
| رقم المادة | ل ي ف |
| رقم الطبعة | 22 |
| 100 1# - المدخل الرئيسى - إسم شخصى | |
| الإسم الشخصى | ليفي، أوسكار. |
| 245 10 - بيان العنوان | |
| العنوان | بروتوكولات حكماء صهيون : |
| بقية العنوان | النص الكامل للمخطوطات الصهيونية للسيطرة على دول العالم / |
| بيان المسئوليه,etc | أوسكار ليفي ؛ مقدمة عباس محمود العقاد. |
| 250 ## - بيان الطبعة | |
| بيان الطبعة | ط. 5. |
| 260 ## - PUBLICATION, DISTRIBUTION, ETC. (IMPRINT) | |
| مكان الناشر او الموزع | القاهرة : |
| اسم الناشر او الموزع | دار الحياة للنشر والتوزيع، |
| تاريخ النشر أو التوزيع | 2013. |
| 300 ## - الوصف المادى | |
| التعداد | 192 ص. ؛ |
| أبعاد الوعاء | 24 سم. |
| 650 #7 - المدخل الاضافى بالموضوع-مصطلح موضوعى | |
| مصطلح موضوعي أو اسم جغرافي كعنصر مدخل | الصهيونية. |
| مصدر الرأس أو المصطلح | BUEsh |
| 650 #7 - المدخل الاضافى بالموضوع-مصطلح موضوعى | |
| مصطلح موضوعي أو اسم جغرافي كعنصر مدخل | اليهودية. |
| مصدر الرأس أو المصطلح | BUEsh |
| 650 #7 - المدخل الاضافى بالموضوع-مصطلح موضوعى | |
| مصطلح موضوعي أو اسم جغرافي كعنصر مدخل | النزاع العربي الإسرائيلي. |
| مصدر الرأس أو المصطلح | BUEsh |
| 651 ## - المدخل الاضافى بالموضوع - اسم جغرافى | |
| مصدر الرأس أو المصطلح | BUEsh |
| 653 ## - مصطلح تكشيفى غير مقيد | |
| Resource For college | BAEPS, Political Science |
| Arrived date list | May2019 |
| 700 1# - المدخل الاضافى - اسم شخصى | |
| الإسم الشخصى | عقاد، عباس محمود، |
| التواريخ المصاحبة للاسم | 1889-1964، |
| الدور | مقدم. |
| 942 ## - عناصر المدخل الإضافي( كوها) | |
| مصدر التصنيف او مخطط الترفيف | Dewey Decimal Classification |
| حالة التراجع | حالة الفقد | مصدر التصنيف او خطة الترفيف | حالة تلف | ليس للاعارة | مجموعات كوها | المكان الدائم | المكان الحالي | موقع الترفيف | تاريخ الاكتساب | Source of acquisition | سعر الشراء الطبيعي | تعداد مسلسل / التسلسل الزمني | رقم الاستدعاء | الباركود | Date last seen | التكلفة | نوع الوعاء |
|---|---|---|---|---|---|---|---|---|---|---|---|---|---|---|---|---|---|
| Dewey Decimal Classification | دار الحياة | Central Library | Central Library | First floor | 04/05/2019 | Purchase | 20.00 | 000877 | 320.54095694 ل ي ف | 000044626 | 15/07/2025 | 25.00 | Book - Borrowing |